| Tag |
First Indicator |
Second Indicator |
Subfields |
| LEADER |
00000cam a22000001a 4500 |
| 001 |
in00002807113 |
| 005 |
20190331180056.0 |
| 006 |
m o d |
| 007 |
cr bn mmmapmmp |
| 008 |
091223s1855 dcud o f000 0 eng d |
| 035 |
|
|
|a cis2004325954
|
| 040 |
|
|
|a UMI
|c UMI
|d UtOrBLW
|
| 043 |
|
|
|a n-us---
|
| 086 |
0 |
|
|a I 1.1:855
|
| 099 |
|
|
|a ProQuest Serial Set Number 810 S.exdoc.1/9
|
| 110 |
1 |
|
|a United States.
|b Commissioner of Public Buildings.
|
| 245 |
1 |
0 |
|a Report of the Commissioner of Public Buildings.
|
| 246 |
1 |
|
|a Report of Commissioner of Public Buildings, p. 595
|
| 264 |
|
1 |
|a Washington :
|b [publisher not identified],
|c 1855.
|
| 300 |
|
|
|a 1 online resource.
|
| 336 |
|
|
|a text
|b txt
|2 rdacontent
|
| 337 |
|
|
|a computer
|b c
|2 rdamedia
|
| 338 |
|
|
|a online resource
|b cr
|2 rdacarrier
|
| 490 |
0 |
|
|a S.exdoc.1/9
|
| 500 |
|
|
|a Record is based on bibliographic data in ProQuest U.S. Serial Set Digital Collection (last viewed Dec. 2009). Reuse except for individual research requires license from ProQuest, LLC.
|
| 510 |
3 |
|
|a ProQuest U.S. Serial Set Digital Collection
|
| 500 |
|
|
|a Electronic resource.
|
| 650 |
|
0 |
|a Architecture.
|
| 650 |
|
0 |
|a Bridges.
|
| 650 |
|
0 |
|a Roads.
|
| 655 |
|
7 |
|a Electronic books.
|2 local
|
| 710 |
2 |
|
|a ProQuest (Firm)
|
| 710 |
1 |
|
|a United States.
|b Department of the Interior.
|
| 830 |
|
0 |
|a United States congressional serial set.
|
| 856 |
4 |
0 |
|u http://proxy.library.tamu.edu/login?url=http://congressional.proquest.com/congcomp/getdoc?SERIAL-SET-ID=810+S.exdoc.1/9
|z Connect to the full text of this electronic book
|t 0
|
| 999 |
|
|
|a MARS
|
| 999 |
f |
f |
|s 1938faf8-85d9-30e1-874f-63cc1be97ac7
|i b4bd0d03-1aaa-37a0-9afc-7b286b266e78
|t 0
|
| 952 |
f |
f |
|a Texas A&M University
|b College Station
|c Electronic Resources
|d Available Online
|t 0
|e ProQuest Serial Set Number 810 S.exdoc.1/9
|h Other scheme
|
| 998 |
f |
f |
|a ProQuest Serial Set Number 810 S.exdoc.1/9
|t 0
|l Available Online
|